Quiz da Argélia - Statistics

Estatísticas Gerais
  • Esse quiz foi jogado 1 197 vezes
  • A pontuação média é 12 de 19
Estatísticas das Respostas
Dica Resposta % Correto
Países fazendo fronteira com a Argélia Marrocos
95%
País europeu que colonizou a Argélia França
93%
Países fazendo fronteira com a Argélia Líbia
92%
Deserto que cobre a maior parte da Argélia Deserto do {Saara}
91%
Países fazendo fronteira com a Argélia Tunísia
91%
Capital Argel
88%
A Argélia é o maior país da África. Qual é o segundo maior? República Democrática do Congo
86%
Línguas oficiais Árabe
84%
Países fazendo fronteira com a Argélia Mali
83%
Países fazendo fronteira com a Argélia Mauritânia
83%
Países fazendo fronteira com a Argélia Níger
82%
Maior tipo de exportação Óleo
63%
Série de guerras que terminou com a destruição de Cartago e o estabelecimento do domínio romano Guerras {Púnicas}
41%
Moeda oficial Dinar
36%
Região no norte africano que a Argélia faz parte Magrebe
34%
Cordilheira no norte da Argélia Cordilheira do {Atlas}
32%
Línguas oficiais Berbere
29%
Segunda maior cidade Orã
23%
Código de duas-letras do país DZ
18%
Nenhum quiz correspondente encontrado
Distribuição das Pontuações
Porcentagem de Pessoas com Cada Pontuação
Percentil de Números Respondidos
Sua Pontuação Histórica
Você não jogou esse quiz